[Event "21st Panam-ch"]
[Site "Mar del Plata ARG"]
[Date "2012.10.19"]
[Round "9.82"]
[White "Aberbach, Angel"]
[Black "Aguero Arce, Matias"]
[Result "1/2-1/2"]
[WhiteElo "2023"]
[BlackElo "1633"]
[EventDate "2012.10.12"]
[PlyCount "84"]

1.d4 Nf6 2.c4 e6 3.Nc3 Bb4 4.a3 Bxc3+ 5.bxc3 O-O 6.f3 d5 7.Bg5 Nbd7 8.e4 
dxe4 9.fxe4 h6 10.Bxf6 Qxf6 11.Qf3 e5 12.Bd3 Re8 13.Ne2 exd4 14.cxd4 c5 
15.e5 Qxf3 16.gxf3 cxd4 17.f4 Nc5 18.Rd1 Rd8 19.Nxd4 Rxd4 20.Bh7+ Kxh7 21.
Rxd4 Be6 22.O-O Nb3 23.Rd6 Bxc4 24.Rfd1 Be6 25.Rd8 Rxd8 26.Rxd8 Nc5 27.Kf2
g5 28.fxg5 hxg5 29.Ke3 Kg6 30.Kd4 Nd7 31.Ra8 Kf5 32.Rxa7 Nxe5 33.Ra5 f6 
34.Rb5 g4 35.Rxb7 Nf3+ 36.Ke3 Nxh2 37.Rb5+ Kg6 38.a4 Bd7 39.Rb4 Kg5 40.a5 
Bc6 41.Rb6 Bf3 42.Kf2 Be4 1/2-1/2

[Event "21st Panam-ch"]
[Site "Mar del Plata ARG"]
[Date "2012.10.19"]
[Round "9.84"]
[White "Epelboin, Matias"]
[Black "Mendez, Nicolas"]
[Result "1/2-1/2"]
[WhiteElo "1941"]
[BlackElo "1744"]
[EventDate "2012.10.12"]
[PlyCount "43"]

1.e4 e6 2.d4 d5 3.Nd2 Nf6 4.e5 Nfd7 5.c3 c5 6.Bd3 Nc6 7.Ne2 cxd4 8.cxd4 f6
9.exf6 Nxf6 10.Nf3 Bd6 11.O-O O-O 12.Bg5 Qb6 13.Nc3 h6 14.Bh4 a6 15.Na4 
Qc7 16.Bg3 Ne4 17.Bxd6 Nxd6 18.Rc1 Nf5 19.Bb1 Qf4 20.Bxf5 Rxf5 21.Nb6 Rb8 
22.Qd3 1/2-1/2

[Event "21st Panam-ch"]
[Site "Mar del Plata ARG"]
[Date "2012.10.19"]
[Round "9.86"]
[White "Elias, Roberto"]
[Black "Ezcurra, Mariano"]
[Result "0-1"]
[WhiteElo "1885"]
[BlackElo "1560"]
[EventDate "2012.10.12"]
[PlyCount "136"]

1.Nf3 c5 2.c4 Nc6 3.e3 e6 4.b3 Be7 5.Bb2 Nf6 6.Nc3 a6 7.Rc1 d5 8.d4 cxd4 
9.exd4 Bb4 10.Be2 Ne4 11.O-O Bxc3 12.Bxc3 Nxc3 13.Rxc3 O-O 14.a3 Re8 15.c5
e5 16.dxe5 Nxe5 17.b4 Nxf3+ 18.Bxf3 Be6 19.Rd3 Qf6 20.Bxd5 Bxd5 21.Rxd5 
Rad8 22.Re1 Rxe1+ 23.Qxe1 Kf8 24.Rxd8+ Qxd8 25.Qc1 Qd3 26.g3 Qf3 27.Qd2 g6
28.Qb2 h5 29.h4 Kg8 30.a4 Qd1+ 31.Kh2 Qxa4 32.Qd2 Qa1 33.Qd8+ Kg7 34.Qb6 
Qb2 35.Kg2 Qd4 36.Qxb7 Qc4 37.c6 Qd5+ 38.Kh2 Qf3 39.Qb6 Qf6 40.Qc5 Qd8 41.
c7 Qc8 42.f3 a5 43.Qd4+ Kh7 44.Qd8 Qe6 45.g4 Qe2+ 46.Kg3 Qe1+ 47.Kf4 Qxb4+
48.Ke5 Qc3+ 49.Kd6 Qd3+ 50.Ke7 Qa3+ 51.Ke8 Qe3+ 52.Qe7 Qc3 53.Qxf7+ Kh8 
54.Qxg6 Qe5+ 55.Kd8 Qd5+ 56.Ke7 Qe5+ 57.Qe6 Qxc7+ 58.Kf6 Qg7+ 59.Kf5 Qf8+ 
60.Kg6 Qg8+ 61.Qxg8+ Kxg8 62.Kxh5 a4 63.f4 a3 64.f5 a2 65.g5 a1=Q 66.f6 
Qe5 67.Kg6 Qe8+ 68.Kh6 Qf7 0-1

[Event "21st Panam-ch"]
[Site "Mar del Plata ARG"]
[Date "2012.10.19"]
[Round "9.95"]
[White "Desanzo, Juan Carlos"]
[Black "Bidigaray, Marcio"]
[Result "1-0"]
[WhiteElo "1604"]
[BlackElo "1715"]
[EventDate "2012.10.12"]
[PlyCount "101"]

1.d4 Nf6 2.c4 g6 3.Nc3 Bg7 4.e4 d6 5.Be2 O-O 6.Nf3 c5 7.d5 Nbd7 8.h3 a6 9.
Bg5 Re8 10.Qd2 Nf8 11.Bh6 N6d7 12.Bxg7 Kxg7 13.Qf4 e5 14.Qe3 Nf6 15.g4 
N8d7 16.O-O-O Nb6 17.Rdg1 Bd7 18.b3 a5 19.Nh2 a4 20.g5 Ng8 21.h4 axb3 22.
axb3 Ra1+ 23.Kb2 Rxg1 24.Rxg1 Rf8 25.f4 exf4 26.Qxf4 Qe7 27.Ng4 Bxg4 28.
Rxg4 Nd7 29.Rg1 Ne5 30.h5 gxh5 31.Rh1 Ng6 32.Qg3 h4 33.Qg4 f6 34.gxf6+ 
Nxf6 35.Qg2 Kh8 36.Qg5 Qg7 37.Kc2 Nd7 38.Bg4 Rf2+ 39.Ne2 h5 40.Bxh5 Nde5 
41.Ra1 Nf7 42.Ra8+ Kh7 43.Bxg6+ Qxg6 44.Qxh4+ Kg7 45.Qxf2 Qxe4+ 46.Kb2 
Qe5+ 47.Ka2 Qe4 48.Nf4 Kf6 49.Ne6+ Ke5 50.Re8 Qh1 51.Ng5# 1-0

[Event "21st Panam-ch"]
[Site "Mar del Plata ARG"]
[Date "2012.10.19"]
[Round "9.96"]
[White "Farias, Sergio Luiz Cardoso"]
[Black "Prado, Hamilton Mesquita do"]
[Result "0-1"]
[WhiteElo "1524"]
[BlackElo "1669"]
[EventDate "2012.10.12"]
[PlyCount "36"]

1.e4 c5 2.Nf3 d6 3.Nc3 a6 4.d4 cxd4 5.Nxd4 Nf6 6.Bc4 e6 7.O-O Nc6 8.Nf3 
Be7 9.Bf4 b5 10.Bb3 g6 11.Ne2 Nxe4 12.Qd3 Nc5 13.Qe3 Nxb3 14.cxb3 Bb7 15.
Rad1 O-O 16.Rfe1 Re8 17.h4 d5 18.h5 Bf6 0-1

[Event "21st Panam-ch"]
[Site "Mar del Plata ARG"]
[Date "2012.10.19"]
[Round "9.98"]
[White "Nicosia, Mariano"]
[Black "Perez Velazco, Daniela"]
[Result "1/2-1/2"]
[WhiteElo "1562"]
[BlackElo "1465"]
[EventDate "2012.10.12"]
[PlyCount "49"]

1.e4 c5 2.Nf3 d6 3.Bc4 Nc6 4.d3 g6 5.Nc3 Bg7 6.Bd2 e6 7.O-O Nge7 8.Re1 O-O
9.a3 a6 10.Rb1 b5 11.Ba2 b4 12.axb4 Nxb4 13.Ra1 Nxa2 14.Rxa2 Nc6 15.Qc1 
Re8 16.Ne2 Rb8 17.Bh6 Bh8 18.c3 a5 19.Ng3 Ba6 20.Qd2 Qb6 21.Nh5 Qd8 22.Ng3
Ne5 23.Nxe5 Bxe5 24.Bf4 Bg7 25.Bh6 1/2-1/2

[Event "21st Panam-ch"]
[Site "Mar del Plata ARG"]
[Date "2012.10.20"]
[Round "10.1"]
[White "Flores, Diego"]
[Black "Iturrizaga, Eduardo"]
[Result "1/2-1/2"]
[WhiteElo "2598"]
[BlackElo "2639"]
[EventDate "2012.10.12"]
[PlyCount "41"]

1.c4 c5 2.Nc3 g6 3.g3 Bg7 4.Bg2 Nc6 5.Nf3 Nh6 6.d4 cxd4 7.Nxd4 O-O 8.Nb3 
d6 9.O-O Nf5 10.e4 Nfd4 11.Nxd4 Bxd4 12.Bh6 Bg7 13.Bxg7 Kxg7 14.Qd2 Qa5 
15.Rac1 e5 16.Rfd1 Bg4 17.f3 Be6 18.b3 Nd4 19.Qf2 a6 20.f4 f6 21.Ne2 
1/2-1/2

[Event "21st Panam-ch"]
[Site "Mar del Plata ARG"]
[Date "2012.10.20"]
[Round "10.3"]
[White "Ortiz Suarez, Isan Reynaldo"]
[Black "Kaidanov, Gregory"]
[Result "1/2-1/2"]
[WhiteElo "2579"]
[BlackElo "2587"]
[EventDate "2012.10.12"]
[PlyCount "151"]

1.c4 c5 2.Nf3 Nc6 3.d4 cxd4 4.Nxd4 Nf6 5.Nc3 e6 6.a3 Be7 7.g3 d5 8.Bg2 O-O
9.cxd5 exd5 10.O-O Bg4 11.h3 Be6 12.Kh2 Rc8 13.Be3 Bd6 14.Ncb5 Bb8 15.Rc1 
Bd7 16.Nc3 Re8 17.Nxc6 bxc6 18.Bd4 Nh5 19.e3 Qg5 20.Ne2 Nf6 21.Nf4 Qh6 22.
b4 Ne4 23.Ba1 Rcd8 24.h4 Nf6 25.Kg1 Ng4 26.Re1 a6 27.Bf3 Ne5 28.Be2 Bc8 
29.Qd4 Bg4 30.Bxg4 Nxg4 31.Rxc6 f6 32.Qd1 Ne5 33.Rxa6 Ng6 34.Nxg6 Qxg6 35.
Kg2 Re4 36.Ra5 Rxh4 37.Qf3 Rh5 38.Rd1 Rf5 39.Qe2 Rg5 40.Qf3 Qc2 41.Kf1 
Bxg3 42.Rc5 Qg6 43.Rcxd5 Rgxd5 44.Rxd5 Rc8 45.fxg3 Rc1+ 46.Kg2 Qc2+ 47.Kh3
Qc8+ 48.Qf5 Qxf5+ 49.Rxf5 Rxa1 50.Ra5 Re1 51.b5 Rxe3 52.a4 Rb3 53.Ra6 h5 
54.b6 g5 55.a5 Kh7 56.Ra7+ Kg6 57.b7 Rb2 58.g4 hxg4+ 59.Kxg4 Rb3 60.Ra6 
Rb4+ 61.Kg3 Rxb7 62.Rb6 Rc7 63.Rb3 Rc6 64.Kf3 Kf5 65.Ra3 Ra6 66.Ra4 Ke5 
67.Kg4 Kd5 68.Ra1 Kc4 69.Rf1 Kd5 70.Rf5+ Ke6 71.Rb5 Kd7 72.Kf5 Rd6 73.Rb1 
Kc6 74.a6 Kc7 75.a7 Ra6 76.a8=Q 1/2-1/2

[Event "21st Panam-ch"]
[Site "Mar del Plata ARG"]
[Date "2012.10.20"]
[Round "10.4"]
[White "Leitao, Rafael"]
[Black "Shabalov, Alexander"]
[Result "1/2-1/2"]
[WhiteElo "2617"]
[BlackElo "2570"]
[EventDate "2012.10.12"]
[PlyCount "52"]

1.d4 Nf6 2.c4 e6 3.Nf3 c5 4.d5 exd5 5.cxd5 g6 6.Nc3 d6 7.Bf4 a6 8.a4 Bg7 
9.h3 O-O 10.e3 Ne8 11.Be2 Nd7 12.O-O b6 13.Qc2 Ne5 14.Bxe5 dxe5 15.Rab1 
Nd6 16.Nd2 Qh4 17.b3 Rb8 18.Nce4 Nxe4 19.Nxe4 Rd8 20.Nc3 Bf8 21.Bc4 Bd6 
22.Qe2 Ra8 23.e4 Ra7 24.Rbe1 Rf8 25.Qd3 f6 26.Qe3 Kh8 1/2-1/2

[Event "21st Panam-ch"]
[Site "Mar del Plata ARG"]
[Date "2012.10.20"]
[Round "10.6"]
[White "Tristan, Leonardo"]
[Black "Mareco, Sandro"]
[Result "1/2-1/2"]
[WhiteElo "2442"]
[BlackElo "2581"]
[EventDate "2012.10.12"]
[PlyCount "70"]

1.d4 Nf6 2.c4 e6 3.Nc3 Bb4 4.Qc2 O-O 5.e4 d5 6.e5 Ne4 7.Bd3 c5 8.Ne2 cxd4 
9.Nxd4 Nd7 10.Bf4 Ndc5 11.O-O Bxc3 12.bxc3 Bd7 13.Be2 Na4 14.cxd5 exd5 15.
Rab1 b6 16.Rb3 Qh4 17.g3 Qe7 18.f3 Nec5 19.Ra3 a6 20.c4 dxc4 21.Bxc4 Rac8 
22.Nf5 Bxf5 23.Qxf5 b5 24.Bg5 Qa7 25.Be3 Qc7 26.Bb3 Rfe8 27.f4 Nxb3 28.
axb3 Qc3 29.Qe4 Rcd8 30.Rc1 Qb2 31.Rca1 Qe2 32.bxa4 Rd2 33.Qc6 Qxh2+ 34.
Kf1 Qe2+ 35.Kg1 Qh2+ 1/2-1/2

[Event "21st Panam-ch"]
[Site "Mar del Plata ARG"]
[Date "2012.10.20"]
[Round "10.7"]
[White "Bacallao Alonso, Yusnel"]
[Black "Martinez Romero, Martin"]
[Result "1-0"]
[WhiteElo "2580"]
[BlackElo "2368"]
[EventDate "2012.10.12"]
[PlyCount "84"]

1.Nf3 c5 2.c4 Nc6 3.Nc3 g6 4.d4 cxd4 5.Nxd4 Bg7 6.Nc2 Nf6 7.g3 O-O 8.Bg2 
a6 9.O-O Qa5 10.Nd5 Nxd5 11.cxd5 Ne5 12.d6 e6 13.Bd2 Qb6 14.Be3 Qxb2 15.
Bd4 Qb5 16.Rb1 Qa5 17.Ne3 Rb8 18.f4 Nc6 19.Bb6 Qxa2 20.Qd3 Ra8 21.Rb3 a5 
22.Ra3 Qb2 23.Rb1 Qf6 24.Nc4 Ra6 25.Bf2 Nb4 26.Qd2 Qf5 27.e4 Qh5 28.Bf3 
Qh6 29.Be3 Nc6 30.f5 Qh3 31.Rb5 exf5 32.exf5 Re8 33.Bf2 Nd4 34.Bg2 Qg4 35.
Ne3 Nf3+ 36.Bxf3 Qxf3 37.Rd3 Qc6 38.Rb1 b5 39.Rc1 Qe4 40.Nd5 Rxd6 41.Re1 
Qxe1+ 42.Bxe1 Rc6 1-0

[Event "21st Panam-ch"]
[Site "Mar del Plata ARG"]
[Date "2012.10.20"]
[Round "10.8"]
[White "Toth, Christian Endre"]
[Black "Felgaer, Ruben"]
[Result "0-1"]
[WhiteElo "2357"]
[BlackElo "2579"]
[EventDate "2012.10.12"]
[PlyCount "78"]

1.c4 g6 2.g3 Bg7 3.Bg2 c5 4.Nc3 Nc6 5.Nf3 d6 6.O-O Qd7 7.d3 b6 8.e4 Bb7 9.
Be3 Nd4 10.Qd2 e6 11.h3 Ne7 12.Bh6 O-O 13.Nxd4 Bxh6 14.Qxh6 cxd4 15.Ne2 e5
16.Kh2 f5 17.f3 Kh8 18.h4 Ng8 19.Qg5 Qg7 20.b4 h6 21.Qd2 Qe7 22.a3 Kg7 23.
Rh1 fxe4 24.dxe4 Rac8 25.Rac1 Nf6 26.Rhf1 Rc7 27.Qd3 Ba6 28.Bh3 Qf7 29.b5 
Bc8 30.Rc2 Bxh3 31.Kxh3 Ng4 32.Nxd4 exd4 33.Qxd4+ Kh7 34.Rc3 Qe6 35.Kg2 
Ne5 36.f4 Ng4 37.Rd1 Rxc4 38.Rxc4 Qxc4 39.Qxd6 Qe2+ 0-1

[Event "21st Panam-ch"]
[Site "Mar del Plata ARG"]
[Date "2012.10.20"]
[Round "10.10"]
[White "Roselli Mailhe, Bernardo"]
[Black "Cori Tello, Jorge"]
[Result "1-0"]
[WhiteElo "2430"]
[BlackElo "2522"]
[EventDate "2012.10.12"]
[PlyCount "95"]

1.d4 d5 2.c4 c6 3.Nf3 Nf6 4.e3 a6 5.Bd3 Nbd7 6.O-O g6 7.b3 Bg7 8.Bb2 O-O 
9.Nc3 b5 10.Qe2 Bb7 11.Rad1 Re8 12.Bb1 Nb6 13.c5 Nbd7 14.b4 a5 15.a3 Qb8 
16.Ne5 Nxe5 17.dxe5 Nd7 18.f4 e6 19.Ne4 axb4 20.axb4 Bc8 21.Nd6 Re7 22.Bd4
f6 23.Qb2 f5 24.Bd3 Nf8 25.Ra1 Rea7 26.Rxa7 Rxa7 27.Ra1 Bd7 28.Rxa7 Qxa7 
29.Nxb5 cxb5 30.c6 Qa6 31.cxd7 Nxd7 32.Qa1 Nb8 33.Qa5 Bf8 34.Bxb5 Qc8 35.
h3 g5 36.fxg5 f4 37.Kh2 fxe3 38.Bxe3 Qc3 39.Bf4 Qxb4 40.Qxb4 Bxb4 41.h4 
Bc3 42.Kg3 Kf7 43.h5 Kg7 44.Kf3 Kf7 45.g3 Bb2 46.Be3 Bc3 47.Ke2 Ba5 48.Bc5
1-0

[Event "21st Panam-ch"]
[Site "Mar del Plata ARG"]
[Date "2012.10.20"]
[Round "10.11"]
[White "Krysa, Leandro"]
[Black "Hernandez Guerrero, Gilberto"]
[Result "1/2-1/2"]
[WhiteElo "2381"]
[BlackElo "2531"]
[EventDate "2012.10.12"]
[PlyCount "65"]

1.d4 Nf6 2.c4 e6 3.Nc3 Bb4 4.Qc2 O-O 5.e4 d6 6.e5 dxe5 7.dxe5 Ng4 8.a3 Bc5
9.Ne4 Bd4 10.Nf3 Nxe5 11.Nxd4 Qxd4 12.Be3 Qd8 13.Rd1 Qh4 14.Be2 f5 15.Ng5 
Ng4 16.Bc5 Qxg5 17.Bxf8 Kxf8 18.h4 Qf6 19.Bxg4 fxg4 20.Qxh7 Nc6 21.h5 Qh6 
22.Qe4 e5 23.b4 Qf6 24.h6 gxh6 25.Qh7 Bf5 26.Qxc7 Nd4 27.Rd2 Rd8 28.Rxh6 
Qxh6 29.Qxd8+ Kf7 30.Qc7+ Kf6 31.Qd8+ Kf7 32.Qc7+ Kf6 33.Qd8+ 1/2-1/2

[Event "21st Panam-ch"]
[Site "Mar del Plata ARG"]
[Date "2012.10.20"]
[Round "10.12"]
[White "Rosito, Jorge"]
[Black "Valerga, Diego"]
[Result "0-1"]
[WhiteElo "2387"]
[BlackElo "2485"]
[EventDate "2012.10.12"]
[PlyCount "126"]

1.e4 c5 2.Nf3 e6 3.d4 cxd4 4.Nxd4 Nf6 5.Nc3 d6 6.Be2 Be7 7.O-O O-O 8.f4 
Nc6 9.Be3 Qc7 10.Kh1 Nxd4 11.Qxd4 b6 12.e5 dxe5 13.fxe5 Nd7 14.Bf3 Ba6 15.
Bxa8 Bxf1 16.Rxf1 Rxa8 17.Bf4 Qc6 18.Bg3 f5 19.exf6 Bxf6 20.Qe3 Bxc3 21.
bxc3 Nf6 22.Rd1 Qe4 23.Qxe4 Nxe4 24.Rd7 Nc5 25.Rc7 Rd8 26.h3 Rd7 27.Rc6 
Kf7 28.Be5 h5 29.Bd4 Ne4 30.Kg1 h4 31.Kf1 Ng3+ 32.Kf2 Nf5 33.Rc4 g5 34.a4 
Kg6 35.Rc6 Nxd4 36.cxd4 Rxd4 37.a5 Kf5 38.axb6 axb6 39.Rxb6 Rd2+ 40.Kf3 
Rxc2 41.Rb8 Rc3+ 42.Kf2 e5 43.Rf8+ Ke4 44.Rg8 Rc2+ 45.Kg1 Kf4 46.Rf8+ Ke3 
47.Rf5 e4 48.Rxg5 Rc1+ 49.Kh2 Ke2 50.g3 hxg3+ 51.Kg2 e3 52.h4 Kd3 53.Rd5+ 
Ke4 54.Rd8 e2 55.Re8+ Kd3 56.Rd8+ Kc3 57.Rc8+ Kb2 58.Rb8+ Ka3 59.Ra8+ Kb3 
60.Rb8+ Ka4 61.Re8 e1=Q 62.Rxe1 Rxe1 63.Kxg3 Re4 0-1

[Event "21st Panam-ch"]
[Site "Mar del Plata ARG"]
[Date "2012.10.20"]
[Round "10.13"]
[White "Slipak, Sergio"]
[Black "Lujan, Carolina"]
[Result "1/2-1/2"]
[WhiteElo "2447"]
[BlackElo "2379"]
[EventDate "2012.10.12"]
[PlyCount "61"]

1.Nf3 Nf6 2.c4 g6 3.Nc3 d5 4.cxd5 Nxd5 5.Qa4+ Nc6 6.Ne5 Qd6 7.Nxc6 Qxc6 8.
Qxc6+ bxc6 9.b3 Bg7 10.Bb2 Nxc3 11.Bxc3 Bxc3 12.dxc3 Be6 13.g3 O-O-O 14.
Bg2 Rd6 15.Rd1 Rhd8 16.Rxd6 Rxd6 17.e3 c5 18.Be4 Ra6 19.Bb1 c4 20.b4 c5 
21.bxc5 Rc6 22.Ke2 Rxc5 23.Bc2 Kc7 24.h4 Re5 25.a4 Bd7 26.Rb1 Rc5 27.Rb4 
f5 28.f4 e5 29.Rb1 Bc6 30.Rb4 e4 31.Rb1 1/2-1/2

[Event "21st Panam-ch"]
[Site "Mar del Plata ARG"]
[Date "2012.10.20"]
[Round "10.14"]
[White "Soppe, Guillermo"]
[Black "Santiago, Yago de Moura"]
[Result "1/2-1/2"]
[WhiteElo "2417"]
[BlackElo "2364"]
[EventDate "2012.10.12"]
[PlyCount "221"]

1.Nf3 g6 2.d4 Bg7 3.g3 Nf6 4.Bg2 O-O 5.O-O d6 6.b3 Nc6 7.Bb2 Nd7 8.Qc1 e6 
9.Rd1 Rb8 10.Nc3 Ne7 11.e4 b5 12.Qe3 a6 13.a4 b4 14.Nb1 Bb7 15.Nbd2 h6 16.
c3 bxc3 17.Bxc3 Kh7 18.Rac1 f5 19.Ba5 Nb6 20.e5 Nbd5 21.Qe2 Nc6 22.Nc4 Qd7
23.Be1 Ba8 24.Rb1 Nce7 25.h4 Nb4 26.Rbc1 Bd5 27.Bd2 Nbc6 28.Bf4 Rxb3 29.
exd6 cxd6 30.Be3 f4 31.gxf4 Nf5 32.Ncd2 Ra3 33.Nc4 Rb3 34.Ncd2 Rb4 35.Qxa6
Ncxd4 36.h5 Rxa4 37.Qd3 Kg8 38.Nxd4 Nxd4 39.Nc4 Bxg2 40.Bxd4 Bxd4 41.Qxg6+
Qg7 42.Kxg2 Qxg6+ 43.hxg6 Rxf4 44.Nxd6 Rxf2+ 45.Kh1 Kg7 46.Rc4 Rxc4 47.
Nxc4 Rf4 48.Re1 Kf6 49.g7 Rh4+ 50.Kg2 Rg4+ 51.Kf3 Rxg7 52.Nd6 Rg6 53.Ne4+ 
Ke7 54.Rb1 Kd7 55.Rb5 Kc6 56.Rh5 e5 57.Rf5 Kd5 58.Rf6 Rg1 59.Rd6+ Kc4 60.
Rxh6 Kd3 61.Nf2+ Kc4 62.Ne4 Ra1 63.Rc6+ Kd3 64.Ng3 Ra2 65.Re6 Rf2+ 66.Kg4 
Kc4 67.Re8 Kd3 68.Re6 Rf8 69.Re7 Ke3 70.Nf5+ Kf2 71.Rd7 Rg8+ 72.Rg7 Ra8 
73.Rf7 Ke2 74.Ng3+ Kd3 75.Rf3+ Kc4 76.Rf7 Ra3 77.Rf3 Ra2 78.Kf5 Kd5 79.Ne4
Ra6 80.Rh3 Ra1 81.Rf3 Rh1 82.Nf6+ Kc4 83.Ng4 Re1 84.Nf6 Ba1 85.Ra3 Bb2 86.
Ra4+ Kd3 87.Ne4 Rf1+ 88.Ke6 Bd4 89.Kd5 Ke3 90.Ra3+ Kf4 91.Rh3 Rd1 92.Rh4+ 
Kf3 93.Rh3+ Kg4 94.Rh7 Ba1+ 95.Ke6 Rd4 96.Nf6+ Kg3 97.Rh1 Bb2 98.Re1 Rh4 
99.Rxe5 Bxe5 100.Kxe5 Kf3 101.Nd5 Rh5+ 102.Kd4 Rg5 103.Nc3 Kf4 104.Nd5+ 
Kf5 105.Ne3+ Ke6 106.Ke4 Rh5 107.Kd4 Rh4+ 108.Kd3 Ke5 109.Nc4+ Kd5 110.
Ne3+ Kc5 111.Nf5 1/2-1/2

[Event "21st Panam-ch"]
[Site "Mar del Plata ARG"]
[Date "2012.10.20"]
[Round "10.15"]
[White "De Dovitiis, Alejo"]
[Black "Cori Tello, Deysi"]
[Result "1-0"]
[WhiteElo "2348"]
[BlackElo "2411"]
[EventDate "2012.10.12"]
[PlyCount "97"]

1.e4 e6 2.d4 d5 3.Nc3 Nf6 4.e5 Nfd7 5.f4 c5 6.Nf3 Nc6 7.Be3 Be7 8.Qd2 O-O 
9.Be2 b6 10.Nd1 cxd4 11.Nxd4 Nxd4 12.Bxd4 f6 13.exf6 Bxf6 14.O-O Bb7 15.
Nf2 Bxd4 16.Qxd4 Qc7 17.Nd3 Qxc2 18.Bg4 Nc5 19.Ne5 Rae8 20.Rfe1 Qa4 21.b4 
a5 22.Rab1 axb4 23.Rxb4 Qxa2 24.Rxb6 Nb3 25.Qb4 Na1 26.Rxb7 Nc2 27.Qb1 Qa4
28.Rf1 Qd4+ 29.Rf2 Ne3 30.Rb4 Qc5 31.Nd3 Qc3 32.Rb3 Qd4 33.Rb4 Qc3 34.Rb3 
Qd4 35.Bh3 Ra8 36.Bxe6+ Kh8 37.Rbb2 Nc4 38.g3 Nxb2 39.Nxb2 Rfb8 40.Qd1 Qe3
41.Qxd5 Rd8 42.Qc6 Ra1+ 43.Kg2 Qe1 44.Qb6 Rda8 45.f5 Qe4+ 46.Kh3 Rb1 47.
Rd2 h5 48.Rd8+ Kh7 49.Bg8+ 1-0

[Event "21st Panam-ch"]
[Site "Mar del Plata ARG"]
[Date "2012.10.20"]
[Round "10.16"]
[White "Molina, Roberto Junio Brito"]
[Black "Supi, Luis Paulo"]
[Result "1/2-1/2"]
[WhiteElo "2400"]
[BlackElo "2287"]
[EventDate "2012.10.12"]
[PlyCount "104"]

1.d4 Nf6 2.c4 g6 3.Nf3 Bg7 4.g3 d5 5.cxd5 Nxd5 6.Bg2 Nb6 7.Nc3 Nc6 8.e3 e5
9.d5 Ne7 10.e4 O-O 11.O-O Bg4 12.h3 Bxf3 13.Bxf3 c6 14.Qb3 cxd5 15.Nxd5 
Nbxd5 16.exd5 Qd7 17.Bg2 Nf5 18.Bd2 Nd4 19.Qd3 f5 20.Bc3 e4 21.Qd2 Qxd5 
22.Rad1 Rfd8 23.Qe3 Qc5 24.Kh1 Ne6 25.Qe2 Bxc3 26.bxc3 Qxc3 27.Qb5 Qc6 28.
Qe5 Rxd1 29.Rxd1 Rd8 30.Rxd8+ Nxd8 31.g4 Qe6 32.Qb8 Qd5 33.gxf5 gxf5 34.
Qxa7 Ne6 35.Qb8+ Kf7 36.Kg1 Qc6 37.Qh8 Nf8 38.Qe5 Qe6 39.Qb5 Qd7 40.Qc5 
Ng6 41.Bf1 Kf6 42.Qb6+ Kg7 43.Bb5 Qe7 44.Kf1 f4 45.Qd4+ Qe5 46.Qd7+ Kh8 
47.Qxb7 Qa1+ 48.Ke2 Qxa2+ 49.Ke1 Qb1+ 50.Ke2 Qb2+ 51.Kd1 e3 52.fxe3 fxe3 
1/2-1/2

[Event "21st Panam-ch"]
[Site "Mar del Plata ARG"]
[Date "2012.10.20"]
[Round "10.17"]
[White "Paiva, Pedro Henrique de"]
[Black "Zuluaga Mancilla, Cesar"]
[Result "1/2-1/2"]
[WhiteElo "2289"]
[BlackElo "2394"]
[EventDate "2012.10.12"]
[PlyCount "115"]

1.e4 c5 2.Nf3 e6 3.d4 cxd4 4.Nxd4 a6 5.Bd3 Nf6 6.O-O d6 7.Qe2 Nbd7 8.c4 g6
9.Nc3 Bg7 10.Be3 Ne5 11.h3 O-O 12.Rac1 Qc7 13.Rfd1 Bd7 14.b3 Nxd3 15.Qxd3 
Ne8 16.Nde2 f5 17.Qd2 Bc6 18.exf5 gxf5 19.f4 Qf7 20.Kh2 Qg6 21.Nd4 Rf7 22.
c5 Bxd4 23.Bxd4 dxc5 24.Be5 Nf6 25.Rc2 h6 26.Qf2 Kh7 27.Rd3 Rg8 28.Rg3 
Qxg3+ 29.Qxg3 Rxg3 30.Kxg3 Nd7 31.Bd6 Kg8 32.Kh4 Rg7 33.g3 Kf7 34.Nd1 b6 
35.Nf2 Bd5 36.g4 Rg8 37.Rd2 Nf6 38.Be5 fxg4 39.hxg4 Rc8 40.Rc2 Nd7 41.Ba1 
Kg6 42.Nd3 Kh7 43.Nb4 Bb7 44.Rd2 Nf8 45.Nc2 c4 46.bxc4 Rxc4 47.Kg3 Be4 48.
Ne3 Rc1 49.Be5 Ng6 50.Rd7+ Kg8 51.Bd4 Rg1+ 52.Kf2 Rc1 53.f5 e5 54.fxg6 
exd4 55.Nf5 Bxf5 56.gxf5 Rc5 57.Rd8+ Kg7 58.Rd7+ 1/2-1/2

[Event "21st Panam-ch"]
[Site "Mar del Plata ARG"]
[Date "2012.10.20"]
[Round "10.19"]
[White "Matamoros Franco, Carlos"]
[Black "Nina Campos, Miguel Angel"]
[Result "1-0"]
[WhiteElo "2534"]
[BlackElo "2298"]
[EventDate "2012.10.12"]
[PlyCount "67"]

1.Nf3 Nf6 2.c4 d6 3.d4 g6 4.Nc3 Bg7 5.g3 O-O 6.Bg2 Nbd7 7.O-O e5 8.e4 Re8 
9.h3 c6 10.b3 Qc7 11.Be3 Bf8 12.Rc1 a6 13.Re1 b6 14.Re2 Bb7 15.d5 c5 16.
Ne1 Bg7 17.Nd3 Rf8 18.Qd2 Ne8 19.Rf1 f5 20.f4 b5 21.fxe5 bxc4 22.bxc4 dxe5
23.Bh6 Nd6 24.Bxg7 Kxg7 25.exf5 Nxf5 26.Ne4 h6 27.Ref2 Nd6 28.Rxf8 Rxf8 
29.Rxf8 Nxe4 30.Bxe4 Nxf8 31.Qb2 Bc8 32.Nxe5 Bxh3 33.Nxg6+ Kf7 34.Qf2+ 1-0

[Event "21st Panam-ch"]
[Site "Mar del Plata ARG"]
[Date "2012.10.20"]
[Round "10.20"]
[White "Paveto, Kevin"]
[Black "Perez Ponsa, Federico"]
[Result "1-0"]
[WhiteElo "2282"]
[BlackElo "2489"]
[EventDate "2012.10.12"]
[PlyCount "73"]

1.e4 c5 2.Nf3 e6 3.d4 cxd4 4.Nxd4 Nc6 5.Nxc6 bxc6 6.Bd3 Nf6 7.O-O d5 8.Nd2
Qc7 9.Qe2 Bd6 10.h3 O-O 11.b3 e5 12.Bb2 Re8 13.Rae1 Bd7 14.f4 dxe4 15.Bxe4
Kh8 16.Nc4 Bc5+ 17.Kh1 Bd4 18.fxe5 Bxb2 19.exf6 Bxf6 20.Qh5 g6 21.Qf3 Bh4 
22.Rd1 Re7 23.Nd6 Be6 24.Qf4 Rd7 25.Bxg6 hxg6 26.Qxh4+ Kg8 27.Ne4 Rxd1 28.
Rxd1 Qe5 29.Re1 Qh8 30.Nf6+ Kg7 31.Qd4 Qd8 32.Ne8+ Kf8 33.Nd6 Kg8 34.Re4 
Qb6 35.Qf6 Qd8 36.Rxe6 fxe6 37.Qxg6+ 1-0

[Event "21st Panam-ch"]
[Site "Mar del Plata ARG"]
[Date "2012.10.20"]
[Round "10.21"]
[White "Real De Azua, Ernesto"]
[Black "Sabas, Jorge"]
[Result "0-1"]
[WhiteElo "2482"]
[BlackElo "2274"]
[EventDate "2012.10.12"]
[PlyCount "108"]

1.d4 Nf6 2.c4 g6 3.Nf3 Bg7 4.g3 O-O 5.Bg2 d6 6.Nc3 Nc6 7.O-O Bf5 8.d5 Na5 
9.Nd2 c5 10.e4 Bg4 11.Qc2 a6 12.h3 Bd7 13.b3 b5 14.Bb2 Rb8 15.Rab1 e5 16.
Ne2 Nh5 17.g4 Nf4 18.Nxf4 exf4 19.Bxg7 Kxg7 20.Qc3+ f6 21.g5 b4 22.Qb2 h6 
23.gxf6+ Qxf6 24.Rfe1 Rbe8 25.Qxf6+ Kxf6 26.e5+ Rxe5 27.Ne4+ Rxe4 28.Rxe4 
Bf5 29.Rxf4 Ke5 30.Rxf5+ gxf5 31.Rd1 Nb7 32.Kf1 a5 33.Ke2 a4 34.Kd3 axb3 
35.axb3 Kf4 36.Ra1 Rg8 37.Bf1 Kf3 38.Be2+ Kxf2 39.Kd2 Rf8 40.Bd3 f4 41.Ra2
Rf7 42.Ra8 f3 43.h4 Kg3 44.Rg8+ Kxh4 45.Ke1 f2+ 46.Kf1 Na5 47.Bc2 Rf3 48.
Rg6 Rc3 49.Bf5 Nxb3 50.Kxf2 Rxc4 51.Ke3 Nd4 52.Be4 Rc3+ 53.Kf2 Nb5 54.Bf3 
h5 0-1

[Event "21st Panam-ch"]
[Site "Mar del Plata ARG"]
[Date "2012.10.20"]
[Round "10.22"]
[White "Viana, Dirceu"]
[Black "Barbosa, Evandro Amorim"]
[Result "1-0"]
[WhiteElo "2275"]
[BlackElo "2427"]
[EventDate "2012.10.12"]
[PlyCount "95"]

1.e4 c5 2.Nc3 Nc6 3.g3 g6 4.Bg2 Bg7 5.d3 d6 6.Be3 h5 7.h3 e5 8.Qd2 Nge7 9.
f4 Nd4 10.Nf3 Nxf3+ 11.Bxf3 h4 12.g4 exf4 13.Bxf4 Be5 14.O-O Be6 15.Rab1 
Qd7 16.Nd5 Bxd5 17.exd5 f6 18.b4 O-O 19.bxc5 dxc5 20.Bxe5 fxe5 21.Qg5 Qd6 
22.Be4 b6 23.c4 Kg7 24.Qxh4 Rh8 25.Qg3 Raf8 26.Rxf8 Rxf8 27.Rf1 Rxf1+ 28.
Kxf1 Nc8 29.g5 Ne7 30.Qh4 Ng8 31.Qg4 Ne7 32.h4 Ng8 33.h5 gxh5 34.Qxh5 Qf8+
35.Ke2 Qf4 36.Qh7+ Kf8 37.Qf5+ Qxf5 38.Bxf5 Ne7 39.Be6 Ng6 40.Kf3 Ke7 41.
Ke4 Kd6 42.Kf5 Ne7+ 43.Kf6 a6 44.a4 b5 45.axb5 a5 46.b6 a4 47.b7 Kc7 48.
d6+ 1-0

[Event "21st Panam-ch"]
[Site "Mar del Plata ARG"]
[Date "2012.10.20"]
[Round "10.23"]
[White "Umetsubo, Cesar Hidemitsu"]
[Black "Diaz Hollemaert, Nahuel"]
[Result "1-0"]
[WhiteElo "2276"]
[BlackElo "2408"]
[EventDate "2012.10.12"]
[PlyCount "57"]

1.e4 c5 2.c3 b6 3.d4 Bb7 4.Nd2 cxd4 5.cxd4 Nf6 6.Bd3 Nc6 7.Ngf3 Nb4 8.Bb1 
Ba6 9.Nb3 Rc8 10.a3 Bc4 11.Bg5 h6 12.Bxf6 Bxb3 13.Qxb3 Rc1+ 14.Ke2 Rxh1 
15.axb4 Qc7 16.Be5 Qb7 17.Qd5 Qxd5 18.exd5 d6 19.Bg3 g5 20.Nd2 h5 21.Rxa7 
h4 22.Bf5 e6 23.dxe6 hxg3 24.exf7+ Kd8 25.hxg3 d5 26.Nf3 Bxb4 27.Ne5 R1h6 
28.g4 b5 29.f4 1-0

[Event "21st Panam-ch"]
[Site "Mar del Plata ARG"]
[Date "2012.10.20"]
[Round "10.25"]
[White "Julia, Ernesto"]
[Black "Cuevas, Alex"]
[Result "1-0"]
[WhiteElo "2370"]
[BlackElo "2263"]
[EventDate "2012.10.12"]
[PlyCount "101"]

1.e4 c5 2.Nf3 d6 3.c3 Nf6 4.h3 Bd7 5.Bd3 g6 6.O-O Bg7 7.Bc2 O-O 8.d4 cxd4 
9.cxd4 Nc6 10.Nc3 Rc8 11.Re1 a6 12.Bg5 h6 13.Be3 e5 14.Qd2 exd4 15.Nxd4 
Kh7 16.Nxc6 Rxc6 17.Rad1 Qc8 18.Bd4 Be6 19.f4 b5 20.Bb1 Rc4 21.Qf2 Qc6 22.
a3 b4 23.axb4 Rxb4 24.f5 Bb3 25.Rd2 h5 26.Kh1 Nd7 27.Bxg7 Kxg7 28.Qh4 Re8 
29.Rf1 Qc5 30.Qg3 Qe5 31.Qxe5+ Nxe5 32.Rxd6 Bc4 33.Rf2 Reb8 34.Nd1 a5 35.
Bc2 a4 36.Kg1 R8b7 37.Rfd2 Rb8 38.Kf2 R8b7 39.Kg3 Ba2 40.Ra6 Nc4 41.Rd8 
R7b6 42.Raa8 gxf5 43.exf5 Nxb2 44.Nf2 Rc6 45.Ne4 h4+ 46.Kxh4 f6 47.Rd7+ 
Bf7 48.Raa7 Rxc2 49.Rxf7+ Kg8 50.Rfe7 Kf8 51.g4 1-0